| 000 | 00357cam a22001097a 4500 | ||
|---|---|---|---|
| 008 | 180718b1996 xxu||||| |||| 00| 0 eng d | ||
| 082 | _aA84 Ap81 (R) | ||
| 245 | _aThe APT yearbook: the definitive reference directory for communications professionals in the Asia-Pacific region | ||
| 260 |
_aSt. Nicholas _bIncom _c1996 |
||
| 300 | _a608p. | ||
| 650 | _aYearbooks | ||
| 999 |
_c482226 _d482226 |
||